Normal view
MARC view
- التجارة الدولية - القواميس-- التجارة الدولية - المصطلحات
Entry Topical Term
001 - CONTROL NUMBER
- control field: 27962
003 - CONTROL NUMBER IDENTIFIER
- control field: JO-AjAnu
005 - DATE AND TIME OF LATEST TRANSACTION
- control field: 20230606074737.0
008 - FIXED-LENGTH DATA ELEMENTS
- fixed length control field: 230606|| aca||aabn | a|a d
040 ## - CATALOGING SOURCE
- Original cataloging agency: JO-AjAnu
- Transcribing agency: JO-AjAnu
150 ## - HEADING--TOPICAL TERM
- Topical term or geographic name entry element: التجارة الدولية - القواميس-- التجارة الدولية - المصطلحات
670 ## - SOURCE DATA FOUND
- Source citation: Work cat.: (JO-AjAnu)14355: إعداد وتأليف، توفيق خليل أبو أصبع, author 27961, موسوعة الطريق إلى مصطلحات التجارة الدولية : معجم إنجليزي - عربي = International Trade Terms : English - Arabic Dictionary